Secondary education in the nineteenth century/
Guardat en:
| Autor principal: | |
|---|---|
| Format: | Llibre |
| Idioma: | anglès |
| Publicat: |
Cambridge University Press,
1921.
|
| Etiquetes: |
Afegir etiqueta
Sense etiquetes, Sigues el primer a etiquetar aquest registre!
|
MARC
| LEADER | 00000nam a22000007a 4500 | ||
|---|---|---|---|
| 008 | 210830b ||||| |||| 00| 0 eng d | ||
| 020 | |a ISBN: 978-1-107-62232-6 | ||
| 100 | |a ARCHER, R. L. | ||
| 245 | |a Secondary education in the nineteenth century/ |c R. L. Archer |g xiv., 363p. | ||
| 260 | |b Cambridge University Press, |c 1921. |h New York |i 296304-EDU |i 296305 |l LA634 .Ar2 |m 1. Education, Secondary |m 2. Education – Great Britain |m I. Title. | ||
| 500 | |a “It includes index” | ||
| 942 | |a lcc |c BK |e j. o. ifatola |f 30/ 08/ 2021 | ||
| 952 | |0 0 |1 0 |2 lcc |4 0 |6 LA0634 A R2 |7 0 |9 3308 |a ED |b HOL |c LP |d 2021-08-30 |l 0 |o LA634 .Ar2 |p 2021-67017 |r 2021-08-30 00:00:00 |w 2021-08-30 |y BK | ||
| 952 | |0 0 |1 0 |2 lcc |4 0 |6 LA0634 A R2 |7 0 |9 3309 |a ED |b HOL |c LP |d 2021-08-30 |l 0 |o LA634 .Ar2 |p 2021-67018 |r 2021-08-30 00:00:00 |w 2021-08-30 |y BK | ||
| 999 | |c 1652 |d 1652 | ||